The Coupling of Safety and Security : Exploring Interrelations in Theory and Practice /

This open access book explores the synergies and tensions between safety and security management from a variety of perspectives and by combining input from numerous disciplines. It defines the concepts of safety and security, and discusses the methodological, organizational and institutional implica...

Full description

Bibliographic Details
Corporate Author: SpringerLink (Online service)
Other Authors: Bieder, Corinne (Editor), Pettersen Gould, Kenneth (Editor)
Format: eBook
Language:English
Published: Cham : Springer International Publishing : Imprint: Springer, 2020.
Edition:1st ed. 2020.
Series:SpringerBriefs in Safety Management,
Subjects:
Online Access:Connect to the full text of this electronic book

MARC

Tag First Indicator Second Indicator Subfields
LEADER 00000nam a22000005i 4500
001 in00004379727
006 m o d
007 cr nn 008mamaa
008 200821s2020 sz | o |||| 0|eng d
005 20230829014236.7
020 |a 9783030472290 
024 7 |a 10.1007/978-3-030-47229-0  |2 doi 
035 |a (DE-He213)978-3-030-47229-0 
050 4 |a TA169.7 
050 4 |a T55-55.3 
072 7 |a TGPR  |2 bicssc 
072 7 |a TEC032000  |2 bisacsh 
072 7 |a TGPR  |2 thema 
082 0 4 |a 658.56  |2 23 
245 1 4 |a The Coupling of Safety and Security :  |b Exploring Interrelations in Theory and Practice /  |c edited by Corinne Bieder, Kenneth Pettersen Gould. 
250 |a 1st ed. 2020. 
264 1 |a Cham :  |b Springer International Publishing :  |b Imprint: Springer,  |c 2020. 
300 |a 1 online resource (VIII, 113 pages 12 illustrations, 4 illustrations in color.) 
336 |a text  |b txt  |2 rdacontent 
337 |a computer  |b c  |2 rdamedia 
338 |a online resource  |b cr  |2 rdacarrier 
347 |a text file  |b PDF  |2 rda 
490 1 |a SpringerBriefs in Safety Management,  |x 2520-8012 
505 0 |a 1. Safety and Security: The Challenges of Bringing them Together -- 2. The Concepts of Risk, Safety and Security: A Fundamental Exploration and Understanding of Similarities and Differences -- 3. Safety and Security are Two Sides of the Same Coin -- 4. Safety vs Security in Aviation -- 6. Security and Safety Culture - Dual or Distinct Phenomena? 
506 0 |a Open Access 
520 |a This open access book explores the synergies and tensions between safety and security management from a variety of perspectives and by combining input from numerous disciplines. It defines the concepts of safety and security, and discusses the methodological, organizational and institutional implications that accompany approaching them as separate entities and combining them, respectively. The book explores the coupling of safety and security from different perspectives, especially: the concepts and methods of risk, safety and security; the managerial aspects; user experiences in connection with safety and security. Given its scope, the book will be of interest to researchers and practitioners in the fields of safety and security, and to anyone working at a business or in an industry concerned with how safety and security should be managed. 
650 0 |a Quality control. 
650 0 |a Reliability. 
650 0 |a Industrial safety. 
650 0 |a Computer security. 
650 0 |a Public safety. 
650 0 |a System safety. 
650 0 |a Industrial organization. 
650 1 4 |a Quality Control, Reliability, Safety and Risk.  |0 https://scigraph.springernature.com/ontologies/product-market-codes/T22032 
650 2 4 |a Principles and Models of Security.  |0 https://scigraph.springernature.com/ontologies/product-market-codes/I28040 
650 2 4 |a Crime Control and Security.  |0 https://scigraph.springernature.com/ontologies/product-market-codes/1BE000 
650 2 4 |a Security Science and Technology.  |0 https://scigraph.springernature.com/ontologies/product-market-codes/P31080 
650 2 4 |a Industrial Organization.  |0 https://scigraph.springernature.com/ontologies/product-market-codes/W31010 
655 7 |a Electronic books.  |2 local 
700 1 |a Bieder, Corinne.  |e editor.  |4 edt  |4 http://id.loc.gov/vocabulary/relators/edt 
700 1 |a Pettersen Gould, Kenneth.  |e editor.  |4 edt  |4 http://id.loc.gov/vocabulary/relators/edt 
710 2 |a SpringerLink (Online service) 
773 0 |t Springer Nature eBook 
776 0 8 |i Printed edition:  |z 9783030472283 
776 0 8 |i Printed edition:  |z 9783030472306 
830 0 |a SpringerBriefs in Safety Management,  |x 2520-8012 
856 4 0 |u https://doi.org/10.1007/978-3-030-47229-0  |z Connect to the full text of this electronic book  |t 0 
950 |a Engineering (SpringerNature-11647) 
950 |a Engineering (R0) (SpringerNature-43712) 
955 |a Springer OA ebooks 
999 f f |s 42d14f2d-8ffb-3a2b-9914-0f44f2388069  |i 2942b555-254e-3b2d-b6ad-b0a0c84a4549  |t 0 
952 f f |a Texas A&M University  |b College Station  |c Electronic Resources  |d Available Online  |t 0  |e T55-55.3  |h Library of Congress classification 
998 f f |a T55-55.3  |t 0  |l Available Online